Muchas vidas, muchos maestros
Saved in:
| Main Author: | |
|---|---|
| Format: | Book |
| Language: | Spanish |
| Published: |
Barcelona
Ediciones B
2005
|
| Edition: | 1a. ed |
| Series: | Espiritualidad
|
| Subjects: | |
| Tags: |
Add Tag
No Tags, Be the first to tag this record!
|
MARC
| LEADER | 00000cam a2200000 a 4500 | ||
|---|---|---|---|
| 001 | UCD6459 | ||
| 003 | CL-VaPUC | ||
| 008 | 161209e20051000sp |||||||||||||||||spa|d | ||
| 020 | |a 9788496546097 | ||
| 082 | 0 | 4 | |a 155.1 |b WEI |2 21 |
| 100 | 0 | |a Weiss, Brian |e author |9 590273 | |
| 245 | 1 | 0 | |a Muchas vidas, muchos maestros |
| 250 | |a 1a. ed | ||
| 300 | |a 229 p | ||
| 942 | |c BK | ||
| 945 | |d 20161209 23:21:00 |a arojas | ||
| 260 | |a Barcelona |b Ediciones B |c 2005 | ||
| 500 | |a La historia real de un psiquiatra su joven paciente y la terapia de regresión que cambio su vida para siempre | ||
| 650 | 0 | |a Psicología clínica |9 307259 | |
| 650 | 0 | |a Psicología aplicada |9 270762 | |
| 583 | |a last modification |c 20181128 11:48:10 |k Rodrigo Vera | ||
| 490 | 0 | |a Espiritualidad | |
| 999 | |c 366774 |d 366772 | ||
| 952 | |0 0 |1 0 |3 erb |4 0 |6 155_100000000000000_WEI_2005 |7 0 |8 C |9 481308 |a BIBCUR |b BIBCUR |i 5355044 |l 5 |m 2 |o 155.1 WEI 2005 |p 5355044 |r 2025-04-22 |s 2023-03-22 |w 2019-11-24 |y BK |z Catalogado en:20161209 |k CAC | ||